Quizzes
Events
Quiz Creation
Community
Videos
Private Events
Remove Ads
Sign In
Join for FREE
Feedback
Dark Mode
Quiz Categories
Sports
Geography
Music
Movies
Television
Just For Fun
Miscellaneous
History
Literature
Language
Science
Gaming
Entertainment
Religion
Holiday
For Kids
Quiz Lab
Recent
Popular Today
Quiz Kudos Today
Editor Picks
Curator Picks
Quizzes by...
Day
Popularity
Type
Ratings
Length
Year
Community
Subscriptions
Recent Discussions
Orange Saloon
Badges
Playlists
Quests
Create
Leaderboards
Showdown
Live 5
Trivia Bingo
Activity
Puzzle Library
Sporcle Events
Private Events
Virtual Trivia
Globe League
Become a Host
Pub Owners
SporcleCon
Opinionation
Our Games
Videos
Blog
Mobile Apps
Partnerships
Remove Ads and Go Orange
Feedback
Music
Pop Music
The Beatles
Song
Album
Lyrics
Bands
Singers
Artist
Clip
Rock
Rap
Classical
Billboard
Country Music
Kpop
Taylor Swift
Music
Pop Music
The Beatles
Song
Album
Lyrics
Bands
Singers
Artist
Clip
Rock
Rap
Classical
Billboard
Country Music
Kpop
Taylor Swift
Random Quiz
Search Sporcle
×
Quiz Lab
Quiz Lab
Music
Kpop
Type in answers that appear in a list
Type in answers that appear in a list
Classic
Best Score? Go Orange.
Can You Name these K-POP Boy Group Members? Stats
Can you name the K-POP Idols of these groups?
By
skylarscheesecak
20m
209 Questions
1,367 Plays
1,367 Plays
1,367 Plays
Comments
Comments
Give Quiz Kudos
Give Quiz Kudos
-
- Ratings
hide this ad
Random Order
Randomize order of answers
Randomize order of answers
Replay
Link that replays current quiz
Next Quiz
Link to next quiz in quiz playlist
You Got
0%
They Got
Avg Score
58%
Avg Friend Score
Upgrade to see
Score Distribution
Jump to the score distribution portion of the page
Score
0/209
Timer
20:00
0
Plays Today
Group
% Correct
BTS
Rapmonster
98.5%
BTS
Jin
98.3%
Seventeen
Jun
98.2%
BTS
Jimin
97.4%
BTS
Jungkook
97.3%
BTS
Suga
96.9%
BTS
J-Hope
95.5%
Got7
Mark
93.9%
NCT
Mark
93.9%
EXO
Chanyeol
93.7%
EXO
Kai
93.7%
Got7
Jackson
93.6%
Got7
Bambam
93.4%
EXO
D.O.
93.4%
EXO
Sehun
93%
BIGBANG
G-Dragon
93%
EXO
Baekhyun
92.7%
EXO
Chen
92.3%
EXO
Suho
92.2%
EXO
Lay
91.5%
EXO
Xiumin
91.4%
Got7
Jinyoung
91.2%
BIGBANG
T.O.P
91.2%
SHINee
Minho
90.4%
Got7
JB
89.8%
BIGBANG
Taeyang
89.8%
SF9
Taeyang
89.8%
SHINee
Taemin
88.8%
B.A.P
Youngjae
88%
Got7
Youngjae
88%
Got7
Yugyeom
87.3%
SHINee
Key
86.9%
BIGBANG
Seungri
86.7%
SHINee
Onew
86.5%
Seventeen
Vernon
85.7%
Seventeen
Woozi
84.8%
B1A4
Jinyoung
84.7%
BIGBANG
Daesung
84.7%
BTS
V
84.7%
Seventeen
S.coups
82.1%
SHINee
Jonghyun
81%
Seventeen
The8
80.7%
Seventeen
Hoshi
80.4%
Seventeen
Dino
79.7%
iKon
Bobby
79.5%
Seventeen
Joshua
79.4%
Seventeen
Mingyu
78.8%
Seventeen
Wonwoo
78.6%
Seventeen
DK
78.2%
BtoB
Minhyuk
78.1%
MONSTA X
Minhyuk
78.1%
Seventeen
Jeonghan
77.1%
iKon
B.I
76.6%
Seventeen
Seungkwan
76.1%
Block B
Zico
76%
ASTRO
Cha Eunwoo
75.7%
VIXX
Leo
74.9%
NCT
Taeil
74.5%
VIXX
Ravi
74.3%
VIXX
Ken
72.3%
MONSTA X
I.M.
72.2%
NU'EST
Ren
72.1%
NCT
Taeyong
71.8%
ASTRO
Rocky
71.6%
ASTRO
Moonbin
71.2%
ASTRO
JinJin
71%
MONSTA X
Shownu
70.8%
ASTRO
MJ
70.1%
ASTRO
Sanha
70.1%
Block B
Taeil
69.7%
Group
% Correct
NCT
Ten
69.5%
WINNER
Mino
69.2%
Btob
Sungjae
68.5%
VIXX
N
68.3%
B.A.P
Zelo
67.6%
MONSTA X
Wonho
67.6%
Infinite
L
67.3%
VIXX
Hyuk
67.1%
VIXX
Hongbin
66.1%
NCT
Johnny
65.8%
2PM
Junho
65.8%
BtoB
Peniel
65.5%
MONSTA X
Jooheon
65.4%
Block B
P.O
64.9%
NCT
Win Win
64.8%
NCT
Yuta
64.7%
MONSTA X
Kihyun
64%
MONSTA X
Hyungwon
63.2%
BtoB
Ilhoon
63.1%
B.A.P
Daehyun
62.9%
B.A.P
Yongguk
61.7%
NCT
Doyoung
61.2%
B.A.P
Himchan
61%
BtoB
Eunkwang
61%
NCT
Chen Le
60.8%
2PM
Taecyeon
60.7%
NCT
Jaehyun
59.8%
B.A.P
Jongup
59.7%
Infinite
Hoya
59.6%
NCT
Haechan
59.1%
NU'EST
JR
59%
NCT
Jisung
58.9%
B1A4
Baro
58.9%
Block B
B-Bomb
58.5%
Block B
U-Kwon
58.2%
BtoB
Changsub
58%
Infinite
Dongwoo
57.4%
iKon
Junhoe
57%
iKon
Chanwoo
56.9%
Infinite
Sunggyu
56.9%
WINNER
Jinwoo
56.1%
Infinite
Sungyeol
55.6%
Infinite
Woohyun
55.3%
2PM
Jun. K
55.2%
NCT
Renjun
55%
B1A4
Sandeul
54.9%
MBLAQ
Seungho
54.9%
NCT
Jaemin
54.6%
iKon
Jinhwan
54.4%
BtoB
Hyunsik
54.2%
NCT
Jeno
54.2%
Teen Top
Niel
53.9%
MBLAQ
G.O
53.8%
B1A4
CNU
53.6%
Block B
Kyung
52.5%
B1A4
Gongchan
52%
WINNER
Seunghoon
51.9%
iKon
Donghyuk
51.8%
WINNER
Seungyoon
51.6%
Infinite
Sungjong
51.3%
NU'EST
Aron
51%
BEAST
Yoseob
50.9%
2PM
Nichkhun
50.5%
NU'EST
Baekho
47.8%
2PM
Wooyoung
47.7%
Teen Top
C.A.P
47.7%
NU'EST
Minhyun
47%
Block B
Jaehyo
46.7%
iKon
Yunhyeong
46.6%
Teen Top
Ricky
46.2%
Group
% Correct
2PM
Chansung
46%
KNK
Inseong
45.5%
SF9
Inseong
45.5%
BEAST
Gikwang
43.5%
BEAST
Doojoon
42.8%
PENTAGON
E'Dawn
42.1%
PENTAGON
Hui
41.3%
SF9
Rowoon
41.1%
Teen Top
Chunji
40.6%
PENTAGON
Jinho
40.3%
2AM
Jokwon
40.1%
Teen Top
Changjo
39.4%
PENTAGON
Yuto
39.4%
BEAST
Dongwoon
39.2%
SF9
Chani
38.7%
SF9
Zuho
38.6%
BEAST
Junhyung
38.2%
PENTAGON
Kino
37.8%
PENTAGON
Wooseok
37.6%
Boyfriend
Kwangmin
37.3%
UP10TION
Wooshin
37.3%
Boyfriend
Youngmin
37.1%
MBLAQ
Mir
36.3%
UP10TION
Xiao
35.8%
Boyfriend
Minwoo
35.5%
SF9
Dawon
35.1%
PENTAGON
Hongseok
35.1%
PENTAGON
Yeo One
35.1%
KNK
Seungjun
34.2%
PENTAGON
YanAn
34.2%
SF9
Hwiyoung
33%
UP10TION
Bitto
32.7%
Boyfriend
Donghyun
32.2%
SF9
Youngbin
32.2%
2AM
Changmin
32%
UP10TION
Wei
31.7%
UP10TION
Kuhn
31%
KNK
Heejun
30.2%
PENTAGON
Shinwon
30.2%
2AM
Jinwoon
29.4%
KNK
Jihun
29.2%
SF9
Jaeyoon
28.9%
Boyfriend
Jeongmin
28.5%
UP10TION
Kogyeol
28.3%
KNK
Youjin
28.2%
UP10TION
Jinhoo
27.4%
UP10TION
Hwanhee
27.4%
2AM
Seulong
27.1%
UP10TION
Sunyoul
26.1%
UP10TION
Gyujin
24.9%
Boyfriend
Hyunseong
24.4%
VICTON
Byungchan
24.1%
VICTON
Seungwoo
22.8%
VICTON
Subin
21.4%
VICTON
Hanse
21.3%
VICTON
Sejun
21.3%
IMFACT
Jeup
20.8%
VICTON
Seungsik
19.3%
IMFACT
Jian
17.6%
IMFACT
Ungjae
17.5%
IMFACT
Taeho
17.3%
VICTON
Heochan
16.7%
IMFACT
Lee Sang
15.3%
Snuper
Sebin
13%
Snuper
Taewoong
12.2%
Snuper
Woosung
11.8%
Snuper
Sangil
11.3%
Snuper
Suhyun
11.2%
Snuper
Sangho
11.1%
Quiz Playlist
Details
Report
Send in Message
Add To Playlist
Classic:
Type in answers that appear in a list
Random Order:
Randomize order of answers
Last Updated: Mar 29, 2017
Quiz Scoreboard
CHALLENGE
Sign Up to Join the Scoreboard
Show All
Scores
Hide
Comments
May contain spoilers
Recently Published
9x9 Crossword: Cartoon Network
by jackfrog10
Miscellaneous
3m
College Basketball Coaching Resumes
by pancakes188
Sports
9m
Billboard Blitz: Fleetwood Mac
by CooCooCachoo
Music
15s
More to Explore
Quiz From the Vault
Featured Blog Post
Where Did the Easter Bunny Come From?
hide this ad
You Might Also Like...
Tags
Kpop Quiz
b1a4
B.A.P
Block B
BTS
Exo
Kpop Quiz
Seventeen
Today's Top Quizzes in Music
Browse Music
hide this ad
Today's Top Quizzes in Kpop
Browse Kpop
Top Contributed Quizzes in Music
1
Taylor Swift All Songs (2024)
2
Guess the Artist- 70s Songs
3
7-to-1: Billboard Hot 100 #1 Hits of 2010s
4
Sorting Albums and Songs
5
Taylor Swift Logic Puzzle
6
KPOP LOGIC QUIZ
7
Guess the Taylor Swift song (Mystery Song)
8
One Thing in Common: Music
9
2010s Album by Cover III
10
Guess The Taylor Swift Lyrics Song #1
Explore More
Trending Topics
Anime
Crossword
Harry Potter
NBA
Marvel
Kpop
Disney
NFL
Pokémon
Song
Country
WWE
Puzzle
Soccer
The Office
hide this ad
More By:
skylarscheesecak
Quiz
Plays
Rating
Category
Featured
Created
BTS fill in the blank
52,086
3.56
Music
Apr 18, 2017
Can you name these BTS songs?
21,076
4.50
Music
Mar 19, 2017
Unscramble the K-Pop Groups
2,671
4.38
Music
Jun 9, 2017
Can You Name these K-POP Boy Group Members?
1,367
3.44
Music
Mar 20, 2017
Pokémon Types (Gen 1)
734
5.00
Gaming
Nov 27, 2016
Go to Creator's Profile
Score Distribution
Quiz Creator Spotlight
skylarscheesecak
Follow
Send a Message
Quizzes Created
-
Created Quiz Play Count
-
More By This Creator
Popular Quizzes Today
1
Find the US States - No Outlines Minefield
2
Find the Countries of Europe - No Outlines Minefield
3
The Countries of the World
4
Find the US States
5
Risky Map Clicking: Biggest States A-Z
6
US States
7
Popular People in 1961
8
Movies - When Are They Set?
More Music Quizzes
🎼 SGT PEPPER side 1: Line by line
Quiz Lab
Trending Quizzes
Risky Map Clicking: Least Populous States A-Z
1-10 Letter G Words
1-10 Letter F Words
Risky Map Clicking: Next State Alphabetically
Adjectives in 80s TV Shows
Recently Updated
Leaping Animals
pecheneg
Reality TV Shows (A-Z)
bhenderson79
Rickey Henderson's Hall of Fame Teammates
pecheneg
Champions League XIs: Arsenal
pecheneg
Quick Pick: Celebrities in WWE's Hall of Fame
aduchscher
A-Z Keypad Blitz II
pecheneg
Multiple Oscar Actors
pecheneg
Mystery Phrase Blitz: Oscar 'Best Actors'
pecheneg
F. Scott Fitzgerald Novels
LTH
Pick 3 Villains
ddd62291
Trending Topics
Kpop
NBA
Anime
Harry Potter
Disney
Crossword
Marvel
Puzzle
Song
NFL
The Office
Country
Pokémon
Soccer
WWE
Your Account Isn't Verified!
In order to create a playlist on Sporcle, you need to verify the email address you used during registration. Go to your
Sporcle Settings
to finish the process.
Report this User
Report this user for behavior that violates our
Community Guidelines
.
Details:
Send Report
Go to the Sporcle.com Mobile Site →
Comments